000 00372nam a2200145Ia 4500
008 240624s9999 xx 000 0 und d
041 _aeng
082 _a302 HEW
100 _aHEWITT JOHN P
245 _aSELF AND SOCIETY A SYMBOLIC INTERACTIONI
250 _a(11th ed.)
260 _c2011
_aBoston
_bAllyn & Bacon
300 _ax, : 230 : p. : cm. ; 23
365 _c
_b25
999 _c19663
_d19663